Statistics for Most Rectangular Countries of Africa (with Outlines)

Click here to take the quiz!

General Stats

  • This quiz has been taken 35 times
  • The average score is 13 of 15

Answer Stats

Answer% Correct
Egypt
100%
Sudan
97%
Angola
94%
Chad
94%
Libya
94%
Ghana
91%
Ivory Coast
91%
Kenya
91%
Tanzania
91%
Sierra Leone
88%
Equatorial Guinea
84%
Uganda
84%
Zimbabwe
84%
Eswatini
78%
Lesotho
78%

Score Distribution

Percentile by Number Answered

Percent of People with Each Score

Your Score History

You have not taken this quiz